Catálogo
 En Linea

Curso de álgebra superior / (Registro nro. 22912)

Detalles MARC
000 -CABECERA
campo de control de longitud fija 00811nam a2200253 a 4500
001 - NÚMERO DE CONTROL
campo de control 000023415
003 - IDENTIFICADOR DEL NÚMERO DE CONTROL
campo de control DO-SdBNP
005 - FECHA Y HORA DE LA ÚLTIMA TRANSACCIÓN
campo de control 20250626105616.0
008 - DATOS DE LONGITUD FIJA--INFORMACIÓN GENERAL
campo de control de longitud fija 101206s1977 ru a r 001 0 spa d
040 ## - FUENTE DE LA CATALOGACIÓN
Centro catalogador/agencia de origen DO-SdBNP
Lengua de catalogación spa
Centro/agencia transcriptor BNPHU
049 ## - FONDOS LOCALES (OCLC)
Fondos de biblioteca BNGR
082 ## - NÚMERO DE LA CLASIFICACIÓN DECIMAL DEWEY
Número de clasificación 512.007
Número de documento/Ítem K96c, 1977
100 1# - ENTRADA PRINCIPAL--NOMBRE DE PERSONA
Nombre de persona Kurosch, A. G.
9 (RLIN) 48249
245 10 - MENCIÓN DE TÍTULO
Título Curso de álgebra superior /
Mención de responsabilidad, etc. A. G. Kurosch ; traducción Emiliano Aparicio Bernardo.
250 ## - MENCIÓN DE EDICIÓN
Mención de edición 3a ed.
260 ## - PUBLICACIÓN, DISTRIBUCIÓN, ETC.
Lugar de publicación, distribución, etc. Moscú :
Nombre del editor, distribuidor, etc. Mir,
Fecha de publicación, distribución, etc. 1977.
300 ## - DESCRIPCIÓN FÍSICA
Extensión 442 p. :
Otras características físicas il. ;
Dimensiones 21 cm.
500 ## - NOTA GENERAL
Nota general Incluye índice alfabético.
500 ## - NOTA GENERAL
Nota general Incluye notas al pie de las páginas.
534 ## - NOTA SOBRE LA VERSIÓN ORIGINAL
Encabezamiento principal del original КУРС ВЬΙСΙΙΙЕЙ АЈІГЕБРЫ.
650 #0 - PUNTO DE ACCESO ADICIONAL DE MATERIA--TÉRMINO DE MATERIA
Término de materia o nombre geográfico como elemento de entrada Álgebra
Subdivisión general Enseñanza superior
9 (RLIN) 25976
700 1# - PUNTO DE ACCESO ADICIONAL--NOMBRE DE PERSONA
Nombre de persona Aparicio Bernardo, Emiliano
Término indicativo de función/relación tr.
9 (RLIN) 48251
942 ## - ELEMENTOS DE PUNTO DE ACCESO ADICIONAL (KOHA)
Fuente del sistema de clasificación o colocación Dewey Decimal Classification
Tipo de ítem Koha Libro
Existencias
Estado de retiro Estado de pérdida Restricciones de uso No para préstamo Código de colección Localización permanente Ubicación/localización actual Ubicación en estantería Fecha de adquisición Número de inventario Total de préstamos Signatura topográfica completa Código de barras Fecha visto por última vez Precio válido a partir de Tipo de ítem Koha
        Monografías: Libros y Folletos General General En catalogación 06.12.2010 LF1   512.007 K96c, 1977 23415-10 25.06.2020 25.06.2020 Préstamo en sala

Con tecnología Koha